000 00501nam a22001817a 4500
003 OSt
005 20140310182158.0
008 130902t xxu||||| |||| 00| 0 eng d
020 _a1863431934
050 _aTX 341
_b.T215 1978
082 _aHS 641.563
_bV44 1997
100 _aVassallo, Jody
_916087
245 _aTasty healthy food
_cJody Vassallo.
260 _aAutralia :
_b AJ.B Fairfax Press Publication,
_cc1997.
300 _a82 p. :
_bill. ;
_c28 cm
942 _2lcc
_cHS
999 _c10142
_d10142